Statistics for Song Lyrics: Rammstein - Asche zu Asche

Click here to take the quiz!

General Stats

  • This quiz has been taken 77 times
  • The average score is 170 of 212

Answer Stats

Text% Correct
Asche
100%
Asche,
100%
Asche.
100%
zu
100%
Ich
90%
ich
90%
Und
88%
und
88%
die
83%
Staub,
83%
Staub.
83%
Staub
83%
In
78%
in
78%
Auf
76%
dein
73%
komm'
73%
wieder.
71%
wieder,
71%
Das
68%
den
68%
du
68%
ja!
68%
Sie
68%
ein.
66%
ein
66%
Finger
66%
Kreuz,
66%
dem
63%
Falsches
63%
Gesicht
63%
Grab.
63%
Grab,
63%
Kaltes
63%
Körper,
63%
steck'
63%
steck
63%
Tagen,
63%
Urteil,
63%
werd'
63%
Heißes
61%
jetzt.
61%
mich
61%
mir
61%
Warmer
61%
bleibt
59%
übrig
59%
zehn
59%
Dann
56%
dich
56%
Mund
56%
Nägel
56%
schlagen
56%
um
56%
Als
54%
auferstehen
54%
knie
54%
wirst
54%
Feuer
51%
Heimlich
51%
jagen,
51%
Schatten,
51%
voll
51%
flehen.
49%
Gnade
49%
lieg'
49%
Kreuze
46%
rein.
46%
Seele
46%
wäscht
46%

Score Distribution

Percentile by Number Answered

Percent of People with Each Score

Your Score History

You have not taken this quiz